Chemistry of the hydrazo, azo and azoxy groups. Pt 1 & 2 (Record no. 26327)

MARC details
000 -LEADER
fixed length control field 00298nam a2200109Ia 4500
082 ## - DEWEY DECIMAL CLASSIFICATION NUMBER
Classification number 547.556
Item number PAT
245 #0 - TITLE STATEMENT
Title Chemistry of the hydrazo, azo and azoxy groups. Pt 1 & 2
260 ## - PUBLICATION, DISTRIBUTION, ETC. (IMPRINT)
Place of publication London
Name of publisher John Wiley
Year of publication 1975
700 ## - ADDED ENTRY--PERSONAL NAME
Personal name Patai, Saul
942 ## - ADDED ENTRY ELEMENTS (KOHA)
Koha item type Books
Holdings
Withdrawn status Lost status Damaged status Not for loan Home library Current library Date acquired Cost, normal purchase price Full call number Accession Number Koha item type
        RRII Library RRII Library 16/12/2021 42.00 547.556 PAT 06964 Books